1228 1965 1537 1113 1538 1441 1338 1815 1057 1637 1195 1115 1977 1237 1016 1569 1117 1132 1634 1321 1629 1910 1680 1038 1064 1747 1117 1324 1811 1328 1414 1072 1430 1186 1451 1236 1269 1048 1870 1687 1761 1194 1295 1973 1079 1935 1197 1026 1212 1692 1721 1744 1073 1939 1878 1877 1058 1518 1589 1460 1790 1162 1401 1615 1402 1276 1234 1112 1812 1249 1676 1329 1197 1088 1336 1455 1943 1113 1807 1956 1034 1331 1252 1575 1494 1755 1951 1906 1931 1934 1542 1393 1007 1827 1235 1022 1015 1538 1797 BCNSPRNW ULIB Ver.6.0+V

เปลี่ยนเป็นภาษาไทย

Change to English
 แสดงรายละเอียดบรรณานุกรม
  กลับหน้าหลัก

Brief Record : Get Marc (ISO 2709) : E-mail record : QR code < ปิดหน้าต่าง
LEADER : 00000nam 2200000uu 4500
001    13399111758
003     ULIB
008    110707s2545||||th 000 0 tha d
020    9744840064
050  4 DS589.B3^bl129ก 2545
100 0  กาญจนาคพันธุ์
245 10 กรุงเทพฯ เมื่อวานนี้ /^cกาญจนาคพันธุ์
250    พิมพ์ครั้งที่ 4
260    กรุงเทพฯ :^bสารคดี,^c2545
300    295 หน้า :^bภาพประกอบ ;^c21 ซม.
440  0 หนังสือชุด 100 ปี ขุนวิจิตรมาตรา
651  7 กรุงเทพมหานคร^xประวัติ
651  7 กรุงเทพมหานคร^xความเป็นอยู่และประเพณี
651  7 กรุงเทพมหานคร^xภาวะสังคม
945    ^p190^l0^i015920
995    ทศพร
999 ^a ใช้งานได้ทุกระบบ
รายการนี้ยังไม่มีแท็ก
คุณยังไม่ได้ล็อกอิน คุณสามารถมีกิจกรรมร่วมกับเว็บไซต์ได้ แต่ต้องล็อกอินก่อน ::
  ล็อกอิน

รายการสื่อสารสนเทศ

ลำดับที่ ประเภท เลขเรียก/บาร์โค้ด สถานที่ สถานะ
- ไม่พบข้อมูล -

BibComment


ยังไม่เคยถูกคอมเมนท์

คอมเมนท์ทรัพยากรรายการนี้
  คอมเมนท์: กรุงเทพฯ เมื่อวาน..


 Copyright 2026. Bcnsprnw @Library